000 00350nam a2200157 i 4500
001 bg
245 0 _aEncyklopedia techniki - technika ogólna.
260 _aWarszawa,
_c1975.
650 9 _aTechnika
655 _aEncyklopedie
040 _cBPK
041 _apol
080 _a62(03)
942 _cKS
008 s pl f |000 0 pol
999 _c17152
_d17152
856 _uhttp://koha.tu.koszalin.pl/cgi-bin/koha/opac-detail.pl?biblionumber=17152
_yKatalog online BPK